| 000 | 01023cam a22003137a 4500 | ||
|---|---|---|---|
| 003 | CHAP | ||
| 005 | 20220329140625.0 | ||
| 008 | 971013s1987 r 00010 d | ||
| 010 | _a54932 | ||
| 011 | _a55904 | ||
| 035 | _a60057 | ||
| 040 | _cCHAP | ||
| 090 | _aTesis | ||
| 100 | 0 | 0 |
_aSantos Guevara, Flavio. _9102488 |
| 245 | 0 | _aEstudio del sistema administrativo de una granja porcina comercial | |
| 260 |
_aMarín, N.L. : _bEl autor, _c1987 |
||
| 300 |
_a140 h. _b: gráfs. |
||
| 502 | _aTesis (Ing. Agr. Zootecnista) -- Univ. Autónoma de Nuevo León Fac. de Agronomía | ||
| 590 |
_aALEPH _b10 _c20130110 _lUCH01 _h1332 |
||
| 590 |
_aBATCH-UPD _b10 _c20130110 _lUCH01 _h0526 |
||
| 590 |
_aBATCH-UPD _b10 _c20130410 _lUCH01 _h0205 |
||
| 590 |
_aBATCH-UPD _b10 _c20130914 _lUCH01 _h1552 |
||
| 590 |
_aCONVERSION _b10 _c20130109 _lUCH01 _h1330 |
||
| 650 | 1 | 4 |
_aGranjas porcinas. _950413 |
| 650 | 1 | 4 |
_aGranjas _xAdministración. _950388 |
| 901 | _aBK | ||
| 942 | _cTESIS | ||
| 949 |
_bBC _cTES _d-129602 _eTS1 _h20060 _i60057 _si |
||
| 999 |
_c54932 _d54932 |
||